| 000 | 00427nam a2200169Ia 4500 | ||
|---|---|---|---|
| 008 | 230917s9999||||xx |||||||||||||| ||und|| | ||
| 020 | _cRS545 | ||
| 040 |
_e30891 _aMAIN |
||
| 041 | _aEnglish | ||
| 082 | _a954.025 H114A | ||
| 100 | _aHabib, Irfan | ||
| 245 | 0 | _aAgrarian system of Mughal India, 1556-1707 | |
| 250 | _a2nd ed. | ||
| 260 |
_aOxford _bOxford University Press _c1999 |
||
| 300 | _axvi, 547 p. | ||
| 942 | _cBK | ||
| 999 |
_c104403 _d104403 |
||